000 00943nam a2200289 u 4500
001 000027348
003 DO-SdBNP
005 20240530073935.0
007 ta
008 100805s2010 dr a 000 e spa d
020 _a9789945870787
040 _aDO-SdBNP
_bspa
_cBNPHU
082 4 _aRD864.5
_bC355a
_222
100 1 _aCastro, Aníbal de
_98559
245 1 0 _aA decir cosas /
_cAníbal de Castro.
260 _aSanto Domingo :
_bEdiciones Ferilibro,
_c2010.
300 _a300 p. :
_bil. ;
_c24 cm.
500 _aIncluye datos biográficos del autor en la solapa de la cubierta.
590 _aInventariado, 2020/LP
650 0 _aEnsayos dominicanos
_965
650 4 _aPeriodistas dominicanos
_926172
650 0 _aLiteratura dominicana.
_967
650 4 _aDiarios dominicanos
_xSecciones, columnas, etc.
_944
730 2 _aDiario Libre (República Dominicana)
_946230
910 _aValidado. Control de calidad EMS
942 _2ddc
_cLBS1
999 _c26840
_d26840